Native Language Europe Map Quiz - Statistics

General Stats
  • This quiz has been taken 1,650 times
  • The average score is 38 of 45
Answers on the Map
Answers color-coded by a green-red scale on the quiz's map according to % correct below.
 
Answer Stats
Answer % Correct
España
98%
France
98%
Italia
97%
Portugal
97%
United Kingdom
97%
Ireland
96%
Deutschland
95%
Ísland
95%
Danmark
94%
België
93%
Norge
92%
Polska
92%
Koninkrijk der Nederlanden
91%
Lëtzebuerg
90%
Andorra
89%
Liechtenstein
89%
Malta
89%
Monaco
89%
România
89%
Schweiz
89%
Civitas Vaticana
88%
Eesti
88%
Latvija
88%
Österreich
88%
San Marino
87%
Bosna i Hercegovina
86%
Ελλάδα
85%
Lietuva
85%
Slovenija
85%
Suomi
85%
Sverige
85%
Česko
84%
Moldova
84%
Slovensko
84%
Россия
81%
Косово
79%
Македонија
78%
Magyarország
74%
Україна
73%
Hrvatska
73%
България
68%
Беларусь
64%
Србија
61%
Shqipëria
60%
Crna Gora
58%
No matching quizzes found
Score Distribution
Percent of People with Each Score
Percentile by Number Answered
Your Score History
You have not taken this quiz